Plan Estratégico 2001-2010 /

Na minha lista:
Detalhes bibliográficos
Autor Corporativo: Compañía de Jesús Provincia Mexicana
Formato: Livro
Idioma:espanhol
Publicado em: México : Buena Prensa, 2001
Tags: Adicionar Tag
Sem tags, seja o primeiro a adicionar uma tag!

MARC

LEADER 00000nam^a2200000^a^4500
001 000629410
005 20260320000000.0
009 20260407175347.525
037 |a Acervo Xavier Clavigero 
041 |a ESP 
091 |a FHG. 01583 
110 |a Compañía de Jesús.  |e Provincia Mexicana 
245 1 0 |a Plan Estratégico 2001-2010 / 
264 1 |a México :  |b Buena Prensa,  |c 2001 
300 |a 112 p. 
336 |a texto  |b txt  |2 rdacontenido 
337 |a sin mediación  |b n  |2 rdamedio 
338 |a volumen  |b nc  |2 rdasoporte 
649 |a XX 
910 |a Fondo Humberto García Bedoy S.J. 
920 |a Impresos - Libros 
930 |a Fondos Especiales 
940 |a Jesuitas 
905 |a 148 
901 |a 629714-10  |b IT2  |c ESP  |i D  |u 20260320 
901 |a 629714-20  |b IT2  |c ESP  |i D  |u 20260320 
901 |a 629714-30  |b IT2  |c ESP  |i D  |u 20260320 
901 |a 629714-40  |b IT2  |c ESP  |i D  |u 20260320 
902 |a https://opac.biblio.iteso.mx/vufind/Record/000629410